| 000 | 00438nam a2200121 i 4500 | ||
|---|---|---|---|
| 001 | 190258 | ||
| 003 | ES-MaACL | ||
| 005 | 20230906223700.0 | ||
| 008 | 201002s1888 cu |||| | spa d | ||
| 245 | 0 | 0 | _aSentencia dictada por... la Audiencia de La Habana en la causa criminal... de los hermanos Colomé contra D. Florencio Sáez y Madrazo y D. Venancio Peña y Sainz. |
| 260 |
_aHabana : _b[s.n.], _c1888. |
||
| 852 |
_aES-MaACL _jT-691-F-4 |
||
| 999 |
_c190258 _d190258 |
||